| 000 | 01021nam a2200277 i 4500 | ||
|---|---|---|---|
| 001 | 11640 | ||
| 003 | ES-MaACL | ||
| 007 | t| | ||
| 008 | 960801m19851988fr ||||1| fre d | ||
| 020 | _a84-7444-314-8 | ||
| 080 | _a9(4)"1714/1914"(093) | ||
| 245 | 0 | 0 |
_aTextos literarios para la historia contemporanea _b: 1714-1914 / _c[selección de] Isabel Belmonte López, Ruth Betegón Díez, Juan Avilés Farré. |
| 250 | _a[1ª ed.]. | ||
| 260 |
_aMadrid : _bDebate, _c1985-88. |
||
| 300 |
_a2 v. ; _c24 cm. |
||
| 490 | 1 | _aColección universitaria | |
| 505 | 8 | _aI. La doble revolución -- II. Falta -- III. Europa y el mundo | |
| 650 | 1 | 4 |
_aHistoria moderna- _yS.XVIII- _vObras literarias. _913424 |
| 650 | 1 | 4 |
_aHistoria contemporanea- _vObras literarias. _913395 |
| 700 | 1 |
_aBelmonte, Isabel. _927300 |
|
| 700 | 1 |
_aBetegón Díez, Ruth. _928647 |
|
| 700 | 1 |
_aAvilés Farré, Juan, _d1950-2023 _924073 |
|
| 830 | 0 |
_aColección universitaria _9181579 |
|
| 852 |
_aES-MaACL _jP-41 _bR.110645 |
||
| 999 |
_c11640 _d11640 |
||